[Event "AUTO-OPEN-1928"]
[Site "http://www.queenalice.com/game.php?id=753110"]
[Date "2010.3.28"]
[Round "1"]
[White "Mazuk"]
[Black "adilson_camargo"]
[Result "0-1"]
[WhiteElo "1500"]
[BlackElo "1850"]

1. e4 e5 2. Nf3 d6 3. d4 exd4 4. Nxd4 h6 5. Nc3 Nf6 6. Bc4 Bg4 7. f3 Bd7 8. Be3
a6 9. a4 Nc6 10. O-O Be7 11. Nd5 O-O 12. Nxe7+ Qxe7 13. c3 Ne5 14. Ba2 b5 15. a5
c5 16. Nf5 Bxf5 17. exf5 c4 18. Re1 Nd3 19. Re2 Rfe8 20. b3 Nd5 21. bxc4 bxc4
22. Bxc4 Nxc3 23. Qxd3 Nxe2+ 24. Qxe2 Qxe3+ 25. Kf1 Qxe2+ 26. Bxe2 g6 27. fxg6
fxg6 28. Bc4+ Kg7 29. Rd1 Red8 30. g4 Kf6 31. Kf2 Ke5 32. Rd5+ Kf6 33. Ke3 Ra7
34. Ke4 Re7+ 35. Kd4 Ra7 36. h4 Ke7 37. f4 Rc8 38. Bd3 Rg8 39. g5 hxg5 40. hxg5
Rb7 41. Bxa6 Rb4+ 42. Ke3 Rf8 43. Rd4 Rxd4 44. Kxd4 Rxf4+ 45. Ke3 Rf5 46. Bd3
Rxg5 47. a6 Ra5 48. Kd4 g5 49. Be2 Kf6 50. Kc4 Rxa6 51. Kd5 Ke7 0-1

[Event "AUTO-OPEN-1928"]
[Site "http://www.queenalice.com/game.php?id=753112"]
[Date "2010.3.28"]
[Round "1"]
[White "Mazuk"]
[Black "william_1987br"]
[Result "1-0"]
[WhiteElo "1545"]
[BlackElo "1621"]

1. e4 e5 2. Nf3 Nc6 3. Bb5 Nf6 4. O-O a6 5. Ba4 b5 6. Bb3 d5 7. exd5 Nxd5 8. Re1
f6 9. c3 Bc5 10. d4 O-O 11. dxc5 Bf5 12. Bxd5+ Be6 13. Bxe6+ Kh8 14. Qxd8 Raxd8
15. Be3 Rfe8 16. Bf5 g6 17. Be4 Na5 18. Na3 Rb8 19. Rad1 Rbd8 20. Rxd8 Rxd8 21.
b4 f5 22. Bc2 e4 23. Ne5 Re8 24. Bd4 Kg7 25. Nc6+ Kh6 26. Nxa5 g5 27. Nc6 f4 28.
Rxe4 Rxe4 29. Bxe4 g4 30. Ne7 Kh5 31. Bxh7 Kh4 32. Bg6 g3 33. Bf6+ Kg4 34. h3#
1-0

[Event "AUTO-OPEN-1928"]
[Site "http://www.queenalice.com/game.php?id=753113"]
[Date "2010.3.28"]
[Round "1"]
[White "william_1987br"]
[Black "Mazuk"]
[Result "1-0"]
[WhiteElo "1621"]
[BlackElo "1626"]

1. e4 d6 2. Bc4 Nf6 3. d3 g6 4. Nf3 Bg7 5. Nc3 O-O 6. O-O Bg4 7. h3 Bxf3 8. Qxf3
c6 9. Be3 b5 10. Bb3 b4 11. Na4 c5 12. c3 a5 13. d4 Nc6 14. Qf4 cxd4 15. cxd4
Nd7 16. Rac1 Nxd4 17. Bxd4 Bxd4 18. Rc4 Ne5 19. Rxd4 e6 20. Bc4 Nxc4 21. Rxc4
Rb8 22. Rc6 e5 23. Qh6 Qd7 24. Rfc1 Qa7 25. Rxd6 b3 26. a3 Rfc8 27. Rxc8+ Rxc8
28. g4 Qe7 29. Nb6 Qxd6 30. Nxc8 Qc7 31. h4 Qxc8 32. h5 Qxg4+ 33. Kf1 Qxe4 34.
hxg6 Qxg6 35. Qd2 a4 36. Qb4 Qa6+ 37. Kg2 Kg7 38. f4 1-0

[Event "AUTO-OPEN-1961"]
[Site "http://www.queenalice.com/game.php?id=768097"]
[Date "2010.4.29"]
[Round "1"]
[White "Malcomx"]
[Black "Mazuk"]
[Result "0-1"]
[WhiteElo "1621"]
[BlackElo "1591"]

1. d4 Nf6 2. c4 e5 3. dxe5 Ng4 4. h3 Nxe5 5. e4 g6 6. Bf4 Bg7 7. Nd2 c5 8. Qc2
Nbc6 9. g3 Nd4 10. Qa4 O-O 11. Bg2 d6 12. Ngf3 Nd3+ 13. Kd1 Nxf2+ 14. Kc1 Nxh1
15. Bxh1 Ne2+ 0-1

[Event "AUTO-OPEN-1961"]
[Site "http://www.queenalice.com/game.php?id=768098"]
[Date "2010.4.29"]
[Round "1"]
[White "Mazuk"]
[Black "Malcomx"]
[Result "1-0"]
[WhiteElo "1614"]
[BlackElo "1621"]

1. d4 d5 2. c4 c6 3. Nc3 Nf6 4. Bg5 h6 5. Bxf6 gxf6 6. Nf3 Bf5 7. e3 Nd7 8. cxd5
cxd5 9. Nxd5 e6 10. Nf4 Bb4+ 11. Nd2 Rc8 12. Nd3 Ba5 13. b4 Bb6 14. Be2 Bg6 15.
Rc1 O-O 16. Nc5 1-0

[Event "AUTO-OPEN-1961"]
[Site "http://www.queenalice.com/game.php?id=768119"]
[Date "2010.4.29"]
[Round "1"]
[White "kievelmedieval"]
[Black "Mazuk"]
[Result "1-0"]
[WhiteElo "1610"]
[BlackElo "1475"]

1. d4 Nf6 2. Nc3 d6 3. e4 g6 4. d5 Bg7 5. Bf4 c6 6. Bc4 b5 7. Bb3 b4 8. Na4 Nxe4
9. dxc6 Nxc6 10. Qf3 Bb7 11. Qxe4 Na5 12. Bd5 Bxd5 13. Qxd5 Bxb2 14. Nxb2 1-0

[Event "AUTO-OPEN-1961"]
[Site "http://www.queenalice.com/game.php?id=768133"]
[Date "2010.4.29"]
[Round "1"]
[White "Mazuk"]
[Black "FPM"]
[Result "0-1"]
[WhiteElo "1548"]
[BlackElo "1907"]

1. e4 e5 2. Nf3 Nf6 3. Nxe5 d6 4. Nf3 Nxe4 5. Nc3 Nxc3 6. dxc3 g6 7. Bg5 Be7 8.
Bxe7 Qxe7+ 9. Be2 Bg4 10. O-O Nd7 11. Re1 O-O-O 12. h3 Be6 13. Bc4 Qf6 14. Bxe6
fxe6 15. Nd4 e5 16. Nb5 Kb8 17. Qd5 Nb6 18. Qf3 Qxf3 19. gxf3 Rhf8 20. Kg2 Rf7
21. b3 a6 22. Na3 Rdf8 23. Re2 Rxf3 24. c4 Nd7 25. Rd1 R3f5 26. b4 Nf6 27. c3
Nh5 28. Rb2 Rf3 29. Nb1 e4 30. b5 axb5 31. cxb5 Nf4+ 32. Kh2 Rxh3+ 33. Kg1 Nd3
34. Re2 d5 35. Kg2 Rhf3 36. Nd2 Rxf2+ 37. Rxf2 Rxf2+ 38. Kg3 e3 39. Nf3 e2 40.
Rxd3 Rxf3+ 41. Kxf3 e1=Q 42. Rxd5 Qh1+ 0-1

[Event "AUTO-OPEN-1961"]
[Site "http://www.queenalice.com/game.php?id=768134"]
[Date "2010.4.29"]
[Round "1"]
[White "FPM"]
[Black "Mazuk"]
[Result "1-0"]
[WhiteElo "1921"]
[BlackElo "1475"]

1. e4 c5 2. Nf3 d6 3. Bc4 Nf6 4. d3 e6 5. Bg5 h6 6. Bh4 Be7 7. O-O Nc6 8. Re1
Bd7 9. c3 Na5 10. Bb3 Nxb3 11. axb3 Nxe4 12. Bxe7 Nxf2 13. Bxd8 Nxd1 14. Bc7
Nxb2 15. Re3 d5 16. Ra2 Nxd3 17. Rxd3 Ke7 18. Bg3 a5 19. Ne5 Bb5 20. Rf3 f6 21.
Ng6+ 1-0

[Event "AUTO-INT-1694"]
[Site "http://www.queenalice.com/game.php?id=773240"]
[Date "2010.5.9"]
[Round "1"]
[White "Mazuk"]
[Black "francksc"]
[Result "1-0"]
[WhiteElo "1507"]
[BlackElo "1524"]

1. c4 c5 2. g3 e5 3. Bg2 d6 4. Nc3 a6 5. d3 Nc6 6. Nf3 Be7 7. Nd5 Nf6 8. Nxe7
Nxe7 9. Bg5 Nf5 10. Nd2 O-O 11. Ne4 Kh8 12. Nxf6 gxf6 13. Bd2 b5 14. Bxa8 Nd4
15. Bh6 Rg8 16. Bd5 Qd7 17. e4 f5 18. O-O Rg6 19. Be3 fxe4 20. Bxd4 exd4 21.
Bxe4 f5 22. Bd5 Rf6 23. Qh5 f4 24. Qg5 Qg7 25. Qxg7+ Kxg7 26. Rfe1 Bf5 27. Re7+
Kh6 28. gxf4 Bxd3 29. Re6 Kg6 30. Rxf6+ Kxf6 31. cxb5 axb5 32. Re1 Kf5 33. Rd1
Be4 34. Bxe4+ Kxe4 35. b4 Kxf4 36. bxc5 dxc5 37. Rb1 b4 38. Rc1 d3 39. Rxc5 Kf3
40. Kf1 Ke4 41. Ke1 Kd4 42. Rh5 Kc3 43. Kd1 Kb2 44. Kd2 Kxa2 45. Kxd3 b3 46.
Rxh7 Kb1 47. Rg7 b2 48. Rg1+ Ka2 49. Kc2 b1=Q+ 50. Rxb1 Ka3 51. Kc3 Ka2 52. Rb7
Ka3 53. Ra7# 1-0

[Event "AUTO-INT-1694"]
[Site "http://www.queenalice.com/game.php?id=773241"]
[Date "2010.5.9"]
[Round "1"]
[White "francksc"]
[Black "Mazuk"]
[Result "0-1"]
[WhiteElo "1524"]
[BlackElo "1344"]

1. e4 e5 2. d3 Nc6 3. c3 f5 4. f3 Nf6 5. g4 fxe4 6. fxe4 d5 7. Bg5 Be7 8. Nf3
Nxg4 9. Qe2 Bxg5 10. Rg1 Bh4+ 11. Kd1 Nf2+ 12. Kc1 Bg4 13. Nbd2 O-O 14. d4 Bg5
15. Qxf2 Bxd2+ 16. Kxd2 Bxf3 17. Qg3 Qf6 18. exd5 Bxd5 19. b3 exd4 20. Rc1 dxc3+
21. Rxc3 Qd4+ 22. Bd3 Rf2+ 23. Kd1 Bf3+ 24. Ke1 Qe3+ 25. Be2 Qxe2# 0-1